Öröm, szenvedés, vallásosság
Elmentve itt :
| Szerző: | |
|---|---|
| Adatforrás: | Philobibl |
| Forrásdokumentuma: | Világosság 5 1964/4., 222-229. p. |
| Dokumentumtípus: | Cikk |
| Nyelv: | magyar |
| Kulcsszavak: | vallás |
| LEADER | 00313nab a2200109 c 4500 | ||
|---|---|---|---|
| 001 | bibDOK00008680 | ||
| 005 | 20200924120427.8 | ||
| 008 | 060518s1964 xx hun | ||
| 100 | 1 | |a Murányi Mihály | |
| 245 | 1 | 0 | |a Öröm, szenvedés, vallásosság |c Murányi Mihály |
| 695 | |a vallás | ||
| 773 | 0 | |t Világosság 5 |g 1964/4., 222-229. p. | |